El capitalismo del siglo XXI /
Se trata de examinar las posibilidades del capitalismo desde lo que se conoce cómo una “perspectiva de comprensión referida al futuro”, está lejos de ser una predicción, la diferencia radica en que desde la primera perspectiva se entiende al capitalismo como un sistema con una orientación fundamenta...
Uloženo v:
| Hlavní autor: | |
|---|---|
| Další autoři: | |
| Médium: | Neznámo |
| Jazyk: | Spanish |
| Vydáno: |
España :
Ediciones Península
1996
|
| Edice: | Historia Ciencia Sociedad;
n°244 |
| Témata: | |
| Tagy: |
Přidat tag
Žádné tagy, Buďte první, kdo vytvoří štítek k tomuto záznamu!
|
MARC
| LEADER | 00000 a2200000 04500 | ||
|---|---|---|---|
| 001 | 48649 | ||
| 003 | cru CIDCACS/IIS | ||
| 005 | 20230605120816.0 | ||
| 008 | 050618s1996 sp spa d | ||
| 020 | |a 84-8307-207-6 | ||
| 022 | |a 84-8307-207-6 | ||
| 040 | |c cru CIDCACS/IIS | ||
| 090 | |a 03.03.01 H466c | ||
| 100 | |9 11419 |a Heilbroner, Robert | ||
| 245 | |a El capitalismo del siglo XXI / |c Robert Heilbroner ; traducción de José Luis Gil Aristu | ||
| 260 | |a España : |b Ediciones Península |c 1996 | ||
| 300 | |a 121 páginas | ||
| 440 | |a Historia Ciencia Sociedad; |v n°244 | ||
| 520 | |a Se trata de examinar las posibilidades del capitalismo desde lo que se conoce cómo una “perspectiva de comprensión referida al futuro”, está lejos de ser una predicción, la diferencia radica en que desde la primera perspectiva se entiende al capitalismo como un sistema con una orientación fundamental, y solo conociendo esa orientación es posible determinar si opera bajo una lógica y si esta lógica va a definir los aspectos del capitalismo en el siglo XXI. Esto permite posibles escenarios en los cuales imaginarse a la sociedad en un futuro si sigue siendo capitalista. VSL/ 11.10.2016 | ||
| 650 | 1 | 0 | |9 143 |a ECONOMIA |
| 650 | 1 | 0 | |9 64 |a CAPITALISMO |
| 650 | 1 | 0 | |9 144 |a VIDA SOCIAL |
| 650 | 1 | 0 | |a PROYECCIONES ECONOMICAS |9 145 |
| 700 | |a Gil Aristu, José Luis, | ||
| 700 | |e traductor | ||
| 942 | |2 ddc |c LI |h 03.03.01 H466c |i 14511 |6 030301_H466C_14511 | ||
| 999 | |c 1238 |d 1238 | ||



